Der Traum vom Urwald

Titel: Der Traum vom Urwald / Waleri Ripperger, Wjatscheslaw Semakow
Verfasser: ;
Ausgabe: 2 . Auflage
Veröffentlicht: Tessin : Wage-Verlag, 2017
Umfang: 380 Seiten : Illustrationen ; 25 cm
Format: Buch
Sprache: Deutsch
Schlagworte:
ISBN: 9783937216454 ; 3937216456
Buchumschlag
X
alg: 39992773
001A    $06000:23-02-17 
001B    $01999:02-12-25 $t14:57:15.000 
001D    $06000:23-02-17 
001U    $0utf8 
001X    $00 
002@    $0Aax 
002C    $aText $btxt $2rdacontent 
002D    $aohne Hilfsmittel zu benutzen $bn $2rdamedia 
002E    $aBand $bnc $2rdacarrier 
003@    $0399927735 
004A    $A978-3-937216-45-4 $fFesteinband : EUR 29.90 (DE), EUR 30.80 (AT) 
004A    $03-937216-45-6 
004K    $09783937216454 
006C    $0971203395 $aOCoLC 
006G    $01124170111 
006H    $0TOCNEUA1708 $2DNB 
006T    $017,N05 
006U    $017,A08 $f20170126 
007A    $01124170111 $aDNB 
009P    $qapplication/pdf $A2 $3Inhaltsverzeichnis $uhttps://d-nb.info/1124170111/04 $mB:DE-101 
010@    $ager 
010E    $erda 
011@    $a2017 $n2017 
017A    $asf 
021A    $aDer @Traum vom Urwald $hWaleri Ripperger, Wjatscheslaw Semakow 
028A    $BVerfasser $#Ripperger, W. $#Ripperger, Valerij $4aut $7 $8Ripperger, Waleri [Tnd] $9154446181 
028C    $BVerfasser $#Семаков, Вячеслав Васильевич $#Semakoŭ, Vjačaslaŭ Vasilʹevič $#Semakov, V. V. $#Semakov, Vjačeslav $#Semakov, Vjačeslav V. $#Semakow, Wjatscheslaw $4aut $D20231015 $Ecgwrk $7136751059 $8Semakov, Vjačeslav Vasilʹevič$Z1938-2009 [Tp3] $9499853881 
032@    $a2 . Auflage 
033A    $pTessin $01064064655 $nWage-Verlag 
034D    $a380 Seiten 
034I    $a25 cm 
034M    $aIllustrationen 
044K    $qDNB $#Bialowiezer Heide $#Belovežskaja Pušča $#Beloweschskaja Puschtscha $#Puszcza Białowieska $#Białowieska Puszcza $#Bialowicer Heide $74212270-3 $8Bialowiezer Heide [Tg1] $9086091182 
044K    $qDNB $RTierfang $RJagdkunde $RJäger $#Hunting $#Chasse $#Caccia $#Caza $#hunting $#Jagd $#Jagd $#Jagen $#Waidwerk $#Weidwerk $74027955-8 $8Jagd [Ts1] $9085071552 
045E    $c943 $c630 
045F    $a943.836 $eDDC22ger 
045F/01 $a943.8 
045F/03 $g43836 
045R    $aGeschichte 1914-1991 

lok: 39992773 78

exp: 39992773 78 1 #EPN
201B/01 $030-06-23 $t12:30:17.000 
201C/01 $030-06-23 
201U/01 $0utf8 
203@/01 $01238662293 
208@/01 $a30-06-23 $be 
209A/01 $a/ $f000 $x00 
209A/01 $ab*p $x01 
220C/01 $apgar 
244Z/01 $#Generalgouvernement Polen $#Polska $#Rzeczpospolita Polska $#Polska Rzeczpospolita Ludowa $#Poland $#Pologne $#République Polonaise $#Generalne Gubernatorstwo w Polsce $#Polish People's Republic $#Polska Rzeczpospolita Polen $#PRL $#RP $#Polen Generalgouvernement $#Polska Generalgouvernement $#Besetzte Polnische Gebiete $#Besetztes Gebiet in Polen $#Okupowane Polskie Obszary $#Obszary Okupowane w Polsce $#Volksrepublik Polen $#Polska Rosyjska $#Republic Polen $#Respublika Pol'ša $#Pol'skaja Narodnaja Respublika $#République de Pologne $#Polen Links der Weichsel $#Polska po Lewej Stronie Wisły $#Lenkija $#Polija $#Gubernija Carstva Pol'skago $#Republik Polen $74046496-9 $8--Tg1--Polen $x01 $9085129801 
247C/01 $82080>Marburg/Lahn, Herder-Institut, Forschungsbibliothek, Bibliographieportal $9336309341
LEADER 00000cam a22000002c 4500
001 399927735
003 DE-603
005 20251202145715.0
007 tu
008 170223s2017 xx |||| | u00||u|ger
015 |a 17,A08  |z 17,N05  |2 dnb 
016 7 |2 DE-101  |a 1124170111 
020 |a 9783937216454  |c Festeinband : EUR 29.90 (DE), EUR 30.80 (AT) 
020 |a 3937216456 
024 3 |a 9783937216454 
035 |a (DE-599)DNB1124170111 
040 |a DE-603  |b ger  |c DE-603  |d DE-603  |e rda 
041 |a ger 
082 0 4 |8 1\u  |a 943.836  |q DE-101  |2 22/ger 
084 |a 943  |a 630  |q DE-101  |2 sdnb 
085 |8 1\u  |b 943.8 
085 |8 1\u  |z 2  |s 43836 
090 |a b 
100 1 |a Ripperger, Waleri  |e Verfasser  |4 aut  |0 (DE-603)154446181 
245 0 0 |a ˜Derœ Traum vom Urwald  |c Waleri Ripperger, Wjatscheslaw Semakow 
250 |a 2 . Auflage 
264 1 |a Tessin  |b Wage-Verlag  |c 2017 
300 |a 380 Seiten  |b Illustrationen  |c 25 cm 
336 |a Text  |b txt  |2 rdacontent 
337 |a ohne Hilfsmittel zu benutzen  |b n  |2 rdamedia 
338 |a Band  |b nc  |2 rdacarrier 
648 7 |a Geschichte 1914-1991  |2 gnd 
650 7 |a Jagd  |0 (DE-588)4027955-8  |0 (DE-603)085071552  |2 gnd 
651 7 |a Bialowiezer Heide  |0 (DE-588)4212270-3  |0 (DE-603)086091182  |2 gnd 
700 1 |a Semakov, Vjačeslav Vasilʹevič  |d 1938-2009  |e Verfasser  |4 aut  |0 (DE-603)499853881  |0 (DE-588)136751059  |2 gnd 
856 4 2 |m B:DE-101  |q application/pdf  |u https://d-nb.info/1124170111/04  |3 Inhaltsverzeichnis 
924 0 |9 2080  |a (DE-603)1238662293  |b DE-2080  |c HES  |d d  |g /